La gloire de mon pere : souvenirs d'enfance /

সংরক্ষণ করুন:
গ্রন্থ-পঞ্জীর বিবরন
প্রধান লেখক: Pagnol, Marcel (লেখক)
বিন্যাস: গ্রন্থ
ভাষা:ফরাসি
প্রকাশিত: Paris : Presses Pocket, c1976
মালা:Presses pocket ; 1281
ট্যাগগুলো: ট্যাগ যুক্ত করুন
কোনো ট্যাগ নেই, প্রথমজন হিসাবে ট্যাগ করুন!

MARC

LEADER 00000nam a22000007i 4500
001 IT\ICCU\TO0\1360138
003 ItRI
005 20260115231839.0
008 041118s1976 fr |||||| ||||| |||||c
020 |a 2266000314 
040 |b ita  |c importazione bologna sebina 
041 7 |a fre  |2 ISO-639-2 
100 1 |a Pagnol, Marcel  |0 IT\ICCU\CFIV\077698  |4 aut 
245 1 3 |a La gloire de mon pere :  |b souvenirs d'enfance /  |c Marcel Pagnol. 
260 |a Paris :  |b Presses Pocket,  |c c1976 
300 |a 280 p. ;  |c 17 cm. 
830 0 |a Presses pocket ;  |v 1281  |0 IT\ICCU\RAV\0033494 
942 |2 ddc  |c BK  |n 0 
952 |0 0  |1 0  |4 0  |6 DOC_843_914000000000000_PAG  |7 0  |9 14130  |a BO  |b BO  |d 2026-01-15  |i 10340  |l 0  |o DOC 843.914 PAG  |p BO10340  |r 2026-01-15 23:18:39  |w 2026-01-15  |x [Sebina 5] [1 v.]  |y BK  |z 1 v. 
999 |c 12187  |d 12187